|
|
|
|
| LEADER |
00000nam a2200000 a 4500 |
| 001 |
vtls010212103 |
| 003 |
SK-MaSNL |
| 005 |
20260301131720.0 |
| 008 |
180809s2010 xo o g 000 0 slo |
| 015 |
|
|
|a SNBE2011/02-01851
|
| 020 |
|
|
|a 9788089404155
|q (brož.)
|
| 035 |
|
|
|a ACD00B59-8FF5-43EA-AF64-B6DBD4A0F71A
|
| 035 |
|
|
|a urn:nbn:sk:snk-amjgzt
|
| 035 |
|
|
|a urn:nbn:sk:snk-am001s7b
|
| 040 |
|
|
|a SNK
|b slo
|c SNK
|e AACR2
|
| 041 |
0 |
|
|a slo
|
| 044 |
|
|
|a xo
|c SK
|
| 072 |
|
7 |
|a 94(437)
|x Dejiny Česka a Slovenska
|2 kopnspekt
|
| 080 |
|
|
|a 94(437.6)
|2 2001
|
| 080 |
|
|
|a (048.8)
|2 2001
|
| 080 |
|
|
|a (082.2)
|2 2001
|
| 245 |
0 |
0 |
|a Šarišské Dravce 1295-2010
|c [autor: Jozef Bujňák a kolektív ; foto: Jakub Bujňák]
|
| 250 |
|
|
|a 1. vyd.
|
| 260 |
|
|
|a Prešov
|b Tlačiareň Kušnír
|c 2010
|
| 300 |
|
|
|a 79 s.
|b fareb. fotogr.
|c 21 cm
|
| 366 |
|
|
|e 450 výt.
|
| 648 |
|
7 |
|a 1295-2010
|2 SNKPH
|9 411864
|
| 651 |
|
7 |
|a Šarišské Dravce (Slovensko)
|2 SNKPH
|9 57206
|
| 651 |
|
7 |
|a Šarišské Dravce (Slovakia)
|2 SNKPHeng
|9 480509
|
| 655 |
|
7 |
|a jubilejné publikácie
|2 SNKPH
|9 70339
|
| 700 |
1 |
|
|a Bujňák, Jozef
|4 aut
|9 481384
|
| 700 |
1 |
|
|a Bujňák, Jakub
|4 pht
|9 481385
|
| 919 |
|
|
|a 978-80-89404-15-5
|
| 958 |
|
|
|a OND
|
| 999 |
|
|
|c 748902
|d 750832
|
| 952 |
|
|
|a SNK
|b SNK
|y PREZ
|7 0
|p 17A0686742
|o snkSC 144085
|i snk2011/3610
|8 0
|0 0
|1 0
|4 0
|d 2011-02-17
|l 0
|r 2025-07-11 00:00:00
|w 2026-02-23
|
| 952 |
|
|
|a SNK
|b SNK
|y VYP
|7 0
|p 17A0686743
|o snkSC 144085 D1
|i snk2011/3611
|8 0
|0 0
|1 0
|4 0
|d 2011-02-17
|l 0
|r 2026-02-23 23:24:12
|w 2026-02-23
|